000 00637cam a2200193 4500
001 1974
005 20181127164323.0
008 880331s1988 nyuacf b 001 0beng
010 _a 88011368
020 _a0671454463
100 1 _aHuffington, Arianna Stassinopoulos,
_d1950-
245 1 0 _aPicasso :
_bcreator and destroyer /
_cArianna Stassinopoulos Huffington.
260 _aNew York :
_bSimon and Schuster,
_cc1988.
300 _a558 p., [32] p. of plates :
_bill., ports. ;
_c25 cm.
500 _aIncludes index.
504 _aBibliography: p. 521-538.
600 1 0 _aPicasso, Pablo,
_d1881-1973.
650 0 _aArtists
_zFrance
_xBiography.
999 _c1526
_d1526